|
|
|
|
| LEADER |
03633nam a2200601 4500 |
| 001 |
978-3-540-36208-1 |
| 003 |
DE-He213 |
| 005 |
20191028212311.0 |
| 007 |
cr nn 008mamaa |
| 008 |
121227s2002 gw | s |||| 0|eng d |
| 020 |
|
|
|a 9783540362081
|9 978-3-540-36208-1
|
| 024 |
7 |
|
|a 10.1007/3-540-36208-8
|2 doi
|
| 040 |
|
|
|d GrThAP
|
| 050 |
|
4 |
|a QA76.6-76.66
|
| 072 |
|
7 |
|a UM
|2 bicssc
|
| 072 |
|
7 |
|a COM051000
|2 bisacsh
|
| 072 |
|
7 |
|a UM
|2 thema
|
| 082 |
0 |
4 |
|a 005.11
|2 23
|
| 245 |
1 |
0 |
|a Object-Oriented Technology. ECOOP 2002 Workshop Reader
|h [electronic resource] :
|b ECOOP 2002 Workshops and Posters, Málaga, Spain, June 10-14, 2002, Proceedings /
|c edited by Juan Hernández, Ana Moreira.
|
| 246 |
3 |
|
|a ECOOP 2002 Workshop Reader
|
| 250 |
|
|
|a 1st ed. 2002.
|
| 264 |
|
1 |
|a Berlin, Heidelberg :
|b Springer Berlin Heidelberg :
|b Imprint: Springer,
|c 2002.
|
| 300 |
|
|
|a VIII, 224 p.
|b online resource.
|
| 336 |
|
|
|a text
|b txt
|2 rdacontent
|
| 337 |
|
|
|a computer
|b c
|2 rdamedia
|
| 338 |
|
|
|a online resource
|b cr
|2 rdacarrier
|
| 347 |
|
|
|a text file
|b PDF
|2 rda
|
| 490 |
1 |
|
|a Lecture Notes in Computer Science,
|x 0302-9743 ;
|v 2548
|
| 505 |
0 |
|
|a Resource Management for Safe Languages -- Generative Programming -- Tools and Environments for Learning Object-Oriented Concepts -- 12th Workshop for PhD Students in Object Oriented Systems -- Web-Oriented Software Technology -- Component-Oriented Programming -- Concrete Communication Abstractions of the Next 701 Distributed Object Systems -- Unanticipated Software Evolution -- Composition Languages -- The Inheritance Workshop -- Model-Based Software Reuse -- Quantitative Approaches in Object-Oriented Software Engineering -- Multiparadigm Programming with Object-Oriented Languages -- Knowledge-Based Object-Oriented Software Engineering -- Object-Orientation and Operating Systems -- Integration and Transformation of UML Models -- Mobile Object Systems -- Feyerabend: Redefining Computing -- Formal Techniques for Java-like Programs -- Poster Session.
|
| 650 |
|
0 |
|a Computer programming.
|
| 650 |
|
0 |
|a Software engineering.
|
| 650 |
|
0 |
|a Computer communication systems.
|
| 650 |
|
0 |
|a Computer logic.
|
| 650 |
|
0 |
|a Database management.
|
| 650 |
|
0 |
|a Computers and civilization.
|
| 650 |
1 |
4 |
|a Programming Techniques.
|0 http://scigraph.springernature.com/things/product-market-codes/I14010
|
| 650 |
2 |
4 |
|a Software Engineering/Programming and Operating Systems.
|0 http://scigraph.springernature.com/things/product-market-codes/I14002
|
| 650 |
2 |
4 |
|a Computer Communication Networks.
|0 http://scigraph.springernature.com/things/product-market-codes/I13022
|
| 650 |
2 |
4 |
|a Logics and Meanings of Programs.
|0 http://scigraph.springernature.com/things/product-market-codes/I1603X
|
| 650 |
2 |
4 |
|a Database Management.
|0 http://scigraph.springernature.com/things/product-market-codes/I18024
|
| 650 |
2 |
4 |
|a Computers and Society.
|0 http://scigraph.springernature.com/things/product-market-codes/I24040
|
| 700 |
1 |
|
|a Hernández, Juan.
|e editor.
|0 (orcid)0000-0002-6343-7395
|1 https://orcid.org/0000-0002-6343-7395
|4 edt
|4 http://id.loc.gov/vocabulary/relators/edt
|
| 700 |
1 |
|
|a Moreira, Ana.
|e editor.
|4 edt
|4 http://id.loc.gov/vocabulary/relators/edt
|
| 710 |
2 |
|
|a SpringerLink (Online service)
|
| 773 |
0 |
|
|t Springer eBooks
|
| 776 |
0 |
8 |
|i Printed edition:
|z 9783662166635
|
| 776 |
0 |
8 |
|i Printed edition:
|z 9783540002338
|
| 830 |
|
0 |
|a Lecture Notes in Computer Science,
|x 0302-9743 ;
|v 2548
|
| 856 |
4 |
0 |
|u https://doi.org/10.1007/3-540-36208-8
|z Full Text via HEAL-Link
|
| 912 |
|
|
|a ZDB-2-SCS
|
| 912 |
|
|
|a ZDB-2-LNC
|
| 912 |
|
|
|a ZDB-2-BAE
|
| 950 |
|
|
|a Computer Science (Springer-11645)
|